Sports Quiz

Random Sports or NBA Quiz

NBA Players with 20+ PPG Seasons (2010s) Quiz Stats

 Plays Quiz Updated Feb 12, 2020

Support Sporcle.
Go Orange.
Score 0/178 Timer 15:00
5 Plays Today
Year Answer % Correct
2014-2015LeBron James
98.8%
2013-2014LeBron James
98.8%
2012-2013LeBron James
98.8%
2011-2012LeBron James
98.8%
2010-2011LeBron James
98.8%
2017-2018LeBron James
98.7%
2016-2017LeBron James
98.6%
2015-2016LeBron James
98.6%
2018-2019James Harden
98.5%
2017-2018James Harden
98.3%
2016-2017James Harden
97.6%
2013-2014Kevin Durant
97.2%
2012-2013Kevin Durant
97.2%
2011-2012Kevin Durant
97.2%
2010-2011Kevin Durant
97.2%
2015-2016James Harden
97.2%
2017-2018Kevin Durant
97.1%
2015-2016Kevin Durant
97.1%
2016-2017Kevin Durant
97%
2018-2019Kevin Durant
97%
2015-2016Stephen Curry
96.8%
2016-2017Stephen Curry
96.7%
2018-2019Stephen Curry
96.5%
2016-2017Russell Westbrook
96.3%
2014-2015Stephen Curry
96.3%
2013-2014Stephen Curry
96.3%
2012-2013Stephen Curry
96.3%
2015-2016Russell Westbrook
96.3%
2017-2018Russell Westbrook
96.1%
2018-2019Russell Westbrook
96%
2014-2015Russell Westbrook
96%
2012-2013Russell Westbrook
96%
2011-2012Russell Westbrook
96%
2010-2011Russell Westbrook
96%
2014-2015James Harden
95.5%
2013-2014James Harden
95.5%
2012-2013James Harden
95.5%
2018-2019Klay Thompson
91.9%
2017-2018Klay Thompson
91.6%
2016-2017Klay Thompson
91%
2012-2013Kobe Bryant
91%
2011-2012Kobe Bryant
91%
2010-2011Kobe Bryant
91%
2015-2016Klay Thompson
90.8%
2018-2019Kawhi Leonard
90.6%
2018-2019Paul George
89.5%
2017-2018Anthony Davis
89.2%
2016-2017Anthony Davis
88.8%
2014-2015Klay Thompson
88.6%
2018-2019Kyrie Irving
88.5%
2017-2018Kyrie Irving
88.3%
2014-2015Dwyane Wade
88.1%
2012-2013Dwyane Wade
88.1%
2010-2011Dwyane Wade
88.1%
2017-2018Paul George
88%
2016-2017Kawhi Leonard
88%
2015-2016Anthony Davis
88%
2016-2017Kyrie Irving
87.8%
2017-2018Giannis Antetokounmpo
87.5%
2015-2016Kawhi Leonard
86.9%
Year Answer % Correct
2013-2014Carmelo Anthony
86.5%
2012-2013Carmelo Anthony
86.5%
2011-2012Carmelo Anthony
86.5%
2010-2011Carmelo Anthony
86.5%
2016-2017Paul George
86.1%
2018-2019Giannis Antetokounmpo
85.9%
2018-2019Damian Lillard
85.9%
2017-2018Damian Lillard
85.5%
2015-2016Paul George
84.9%
2014-2015Anthony Davis
84.8%
2013-2014Anthony Davis
84.8%
2015-2016Carmelo Anthony
84.6%
2016-2017Damian Lillard
84.3%
2016-2017Carmelo Anthony
84.2%
2014-2015Kyrie Irving
83.8%
2013-2014Kyrie Irving
83.8%
2015-2016Damian Lillard
83.7%
2016-2017Giannis Antetokounmpo
83.2%
2018-2019Joel Embiid
82.3%
2014-2015Blake Griffin
82.1%
2013-2014Blake Griffin
82.1%
2011-2012Blake Griffin
82.1%
2010-2011Blake Griffin
82.1%
2018-2019Blake Griffin
81.9%
2017-2018Blake Griffin
81.7%
2013-2014Paul George
81.6%
2016-2017Blake Griffin
81.3%
2017-2018Joel Embiid
80.6%
2014-2015Damian Lillard
79.9%
2013-2014Damian Lillard
79.9%
2018-2019DeMar DeRozan
79.6%
2017-2018DeMar DeRozan
79.6%
2016-2017DeMar DeRozan
79.3%
2018-2019Bradley Beal
79.2%
2015-2016DeMar DeRozan
78.4%
2013-2014Dirk Nowitzki
77.9%
2011-2012Dirk Nowitzki
77.9%
2010-2011Dirk Nowitzki
77.9%
2018-2019Karl-Anthony Towns
77.8%
2017-2018Bradley Beal
77.7%
2017-2018Karl-Anthony Towns
77.1%
2018-2019Luka Dončić
77%
2018-2019Kemba Walker
76.8%
2016-2017John Wall
76.6%
2013-2014Kevin Love
76.5%
2011-2012Kevin Love
76.5%
2010-2011Kevin Love
76.5%
2018-2019Devin Booker
76.3%
2014-2015DeMarcus Cousins
76.3%
2013-2014DeMarcus Cousins
76.3%
2015-2016DeMarcus Cousins
76.3%
2016-2017Karl-Anthony Towns
76.1%
2016-2017DeMarcus Cousins
75.8%
2010-2011Derrick Rose
75.7%
2016-2017Kyle Lowry
75.6%
2016-2017Bradley Beal
75.6%
2018-2019Nikola Jokić
75.4%
2017-2018Jimmy Butler
75%
2015-2016Kyle Lowry
74.8%
2016-2017Jimmy Butler
74.6%
Year Answer % Correct
2017-2018Kemba Walker
74.3%
2015-2016Jimmy Butler
73.8%
2010-2011Dwight Howard
73%
2014-2015DeMar DeRozan
72.7%
2013-2014DeMar DeRozan
72.7%
2018-2019CJ McCollum
72.2%
2016-2017Isaiah Thomas
71.6%
2015-2016Isaiah Thomas
71.6%
2017-2018C.J. McCollum
71.2%
2016-2017Kemba Walker
71.2%
2018-2019LaMarcus Aldridge
71.1%
2014-2015Jimmy Butler
70.9%
2016-2017Devin Booker
70.2%
2017-2018LaMarcus Aldridge
69.7%
2015-2016Kemba Walker
69.6%
2016-2017CJ McCollum
69.5%
2014-2015LaMarcus Aldridge
68.6%
2013-2014LaMarcus Aldridge
68.6%
2012-2013LaMarcus Aldridge
68.6%
2011-2012LaMarcus Aldridge
68.6%
2010-2011LaMarcus Aldridge
68.6%
2017-2018Lou Williams
68.5%
2018-2019Donovan Mitchell
68.2%
2015-2016C.J. McCollum
67.2%
2017-2018Donovan Mitchell
66.4%
2013-2014Isaiah Thomas
65.2%
2016-2017Andrew Wiggins
65.1%
2011-2012Deron Williams
64.9%
2015-2016Andrew Wiggins
64.2%
2017-2018Victor Oladipo
62.7%
2017-2018Khris Middleton
61.6%
2018-2019D'Angelo Russell
60.2%
2018-2019Mike Conley
58.3%
2016-2017Gordon Hayward
58%
2016-2017Mike Conley
56.5%
2018-2019Tobias Harris
53.9%
2018-2019Zach LaVine
53.2%
2018-2019Nikola Vučević
52.5%
2018-2019Jrue Holiday
49.2%
2015-2016Brook Lopez
47.1%
2010-2011Brook Lopez
47.1%
2016-2017Brook Lopez
46.8%
2010-2011Amar'e Stoudemire
45.6%
2010-2011Zach Randolph
43.1%
2016-2017Goran Dragic
43.1%
2011-2012Monta Ellis
40.6%
2010-2011Monta Ellis
40.6%
2016-2017Eric Bledsoe
39.6%
2018-2019Buddy Hield
39%
2013-2014Goran Dragic
38.3%
2014-2015Rudy Gay
38%
2013-2014Rudy Gay
38%
2018-2019Julius Randle
34.8%
2013-2014Al Jefferson
33.4%
2010-2011Danny Granger
30.9%
2011-2012David Lee
26.4%
2010-2011Kevin Martin
22.9%
2010-2011Andrea Bargnani
10.8%

You're not logged in!

Compare scores with friends on all Sporcle quizzes.
OR
Log In

From the Vault

Sad Animals

by MrChewypoo

We never knew creatures so sad could be so cute.
Remove Ads.
Support Sporcle.
Get the best of Sporcle when you Go Orange. This ad-free experience offers more features, more stats, and more fun while also helping to support Sporcle. Thank you for becoming a member.

Show Comments

Extras

Top Quizzes Today


Score Distribution

Your Account Isn't Verified!

In order to create a playlist on Sporcle, you need to verify the email address you used during registration. Go to your Sporcle Settings to finish the process.

Report this User

Report this user for behavior that violates our Community Guidelines.

Details: